| 000 | 00434nam a2200157Ia 4500 | ||
|---|---|---|---|
| 008 | 230917s9999||||xx |||||||||||||| ||und|| | ||
| 020 | _cPOU1.25 | ||
| 040 |
_e8984 _aMAIN |
||
| 041 | _aEnglish | ||
| 082 | _a327.47 B644M | ||
| 100 | _aBooth, Ken | ||
| 245 | 0 | _aMilitary instrument in Soviet foreign policy 1917-1972 | |
| 260 |
_aLondon _bRoyal United Service Institute for Defence Studies _c1973 |
||
| 300 | _a65 p. | ||
| 942 | _cBK | ||
| 999 |
_c212486 _d212486 |
||